Các món ăn thái cay và nhiều gia vị

Spremljeno u:
Bibliografski detalji
Format: Knjiga
Jezik:Undetermined
Izdano: Thành phố Hồ Chí Minh Tổng hợp Thành phố Hồ Chí Minh 2005
Teme:
Oznake: Dodaj oznaku
Bez oznaka, Budi prvi tko označuje ovaj zapis!
Thư viện lưu trữ: Trung tâm Học liệu Trường Đại học Cần Thơ
LEADER 00549nam a2200181Ia 4500
001 CTU_96286
008 210402s9999 xx 000 0 und d
020 |c 35000 
082 |a 641.5 
082 |b C101 
245 0 |a Các món ăn thái cay và nhiều gia vị 
245 0 |c Tiểu Quỳnh biên dịch 
260 |a Thành phố Hồ Chí Minh 
260 |b Tổng hợp Thành phố Hồ Chí Minh 
260 |c 2005 
650 |a Cooking 
904 |i M.Loan 
980 |a Trung tâm Học liệu Trường Đại học Cần Thơ